000 00506nam a22001817a 4500
005 20251108164858.0
008 250721s1994 xx 000 0 ara d
082 1 4 _a818.02/شام
100 1 _aشامي، يحيى
245 1 0 _aأروع ما قيل في الحكمة /
264 1 _aبيروت :
_bدار الفكر العربي،
_c1994.
300 _a157ص
650 1 7 _aالشعر العربي
650 1 7 _aشعر الحكمة
650 1 7 _aالإسلام
942 _2ddc
_cBK
999 _c16507
_d16507